Random flags quiz - Statistics

General Stats
  • This quiz has been taken 107 times
  • The average score is 6 of 7
Answer Stats
Question Answer % Correct
Which is the flag of Brazil?
98%
What is the flag of South Korea?
98%
What is the Flag of Japan?
98%
Flag of Israel
92%
Syria Flag?
90%
What is the flag of Iran?
89%
What is the flag of Iraq?
83%
No matching quizzes found
Score Distribution
Percent of People with Each Score
Percentile by Number Answered
Your Score History
You have not taken this quiz